On This Day: March 18th II Quiz Stats

 Plays Quiz Updated Mar 18, 2018

Score 0/7 Timer 03:00
0 Plays Today
Question Answer Wrong Answers
Governor General Lord Stanley pledges to donate a silver challenge cup, later named after him, as an award for the best ______ team in Canada.
1892
Hockey
92.2%
Lacrosse
2%
Curling
2.5%
Basketball
1.4%
After a brief stint in minor league baseball, this athlete announces his return to pro basketball.
1995
Michael Jordan
89.9%
Charles Barkley
4.2%
Karl Malone
1.4%
Clyde Drexler
1.2%
This mountain, perhaps best known for the 79 AD destruction of Pompeii, erupts in Italy, killing 26 people and causing thousands to flee their homes.
1944
Mount Vesuvius
85.8%
Mount Etna
8.6%
Mount St. Helens
1.8%
Krakatoa
1.4%
This English businessman and politician, who as Prime Minister was known for his foreign policy of appeasement leading up to World War II, is born.
1869
Neville Chamberlain
74.8%
Stanley Baldwin
1.7%
Ramsay MacDonald
1.3%
Winston Churchill
21%
Britain repeals this unpopular Act, which had required printed materials in the colonies be made with special paper from London, and had caused outrage in colonial America.
1766
Stamp Act
69%
Stationary Act
7.4%
Paper Act
15.5%
Printing Act
8%
Kept secret from congress and the public, US bombers begin a 14-month period of strikes on suspected communist bases and supply camps in this neutral country.
1969
Cambodia
57%
Laos
28.4%
Thailand
7.4%
Malaysia
4.1%
Cosmonaut Alexey Leonov becomes the first person to ______.
1965
Walk in Space
55%
Travel to Space
19.3%
Eat in Space
4.5%
Photograph Earth from Space
18.5%

You're not logged in!

Compare scores with friends on all Sporcle quizzes.
OR
Log In

Sporcle TV

Today on Sporcle TV


Watch our educational content, quiz creation guides, and fun videos on Sporcle TV.

Show Comments

Extras

Top Quizzes Today


Score Distribution

Your Account Isn't Verified!

In order to create a playlist on Sporcle, you need to verify the email address you used during registration. Go to your Sporcle Settings to finish the process.

Report this User

Report this user for behavior that violates our Community Guidelines.

Details: